书目信息 |
| 题名: |
北京图书馆参考工作
|
|
| 作者: | ;北京图书馆参考研究部 | |
| 分册: | 第四辑 | |
| 出版信息: | 北京 不详 1984 |
|
| 页数: | 119页 | |
| 开本: | 20cm | |
| 丛书名: | ||
| 单 册: | ||
| 中图分类: | G252.1 | |
| 科图分类: | ||
| 主题词: | 图书馆学 , 图书馆事业 | |
| 电子资源: | ||
| ISBN: | ||
| 000 | 00664nam0 2200205 450 | |
| 001 | 0759160207 | |
| 005 | 20070731154847.79 | |
| 100 | @a20070730d1984 km y0chiy0120 ea | |
| 101 | 0 | @achi |
| 102 | @aCN@b110000 | |
| 200 | 1 | @a北京图书馆参考工作@Abei jing tu shu guan can kao gong zuo@e资料汇编@h第四辑@f北京图书馆参考研究部@Fbei jing tu shu guan can kao yan jiu bu |
| 210 | @a北京@c不详@d1984 | |
| 215 | @a119页@d20cm | |
| 517 | 1 | @a资料汇编@Azi liao hui bian |
| 606 | 0 | @a图书馆学 |
| 606 | 0 | @a图书馆事业 |
| 690 | @aG252.1@v3 | |
| 711 | 02 | @a北京图书馆参考研究部@Abei jing tu shu guan can kao yan jiu bu |
| 801 | 0 | @aCN@bPFT@c20070731 |
| 905 | @a10447@dG252.1@e79:4 | |
| 北京图书馆参考工作:资料汇编.第四辑/北京图书馆参考研究部.-北京:不详,1984 |
| 119页;20cm |
| ISBN : |
| ● |
| 相关链接 |
|
|
|
|
正题名:北京图书馆参考工作
索取号:G252.1/79:4
 
预约/预借
| 序号 | 登录号 | 条形码 | 馆藏地/架位号 | 状态 | 备注 |
| 1 | 0787192 | 207871926 | 第一样本阅览室/ [索取号:G252.1/79:4] | 在馆 |